Statistics for Countries Connected in the World Map #3

Click here to take the quiz!

General Stats

  • This quiz has been taken 3,066 times
  • The average score is 20 of 21

Answers on the Map

Answers color-coded by a green-red scale on the quiz's map according to % correct below.
Loading ...
 

Answer Stats

Country% Correct
France
99%
Spain
99%
Italy
99%
China
99%
Portugal
98%
Turkey
98%
Greece
97%
Indonesia
97%
Iran
96%
Thailand
96%
Myanmar
95%
Malaysia
95%
Papua New Guinea
94%
Albania
91%
Slovenia
91%
Serbia
90%
Hungary
89%
Uzbekistan
88%
Turkmenistan
87%
Montenegro
86%
Tajikistan
84%

Score Distribution

Percentile by Number Answered

Percent of People with Each Score

Your Score History

You have not taken this quiz